Statistiques concernant Les fruits #6 - La tomate

Cliquez ici pour prendre le quiz!

Statistiques générales

  • Ce quiz a été pris 77 fois
  • Le résultat moyen est 8 sur 14

Statistiques - réponses

InformationsRéponses% Correct
CouleursBlanche | Jaune | Noire | Orange | Rose | Rouge | Verte
96%
Pays qui en exporte le plus en EuropeEspagne
87%
SaucesCapuliatu | Ketchup | Sauce andalouse | Sauce bolognaise | Sauce Choron | Sauce romesco | Sauce tomate | Sauce cocktail | Sofregit | Napolitaine
81%
Pays qui en produit le plus en EuropeItalie
76%
PlanteTomate
76%
Pays qui détient le record de la plus grosse tomate jamais récoltéeÉtats-Unis
74%
Boissons faites à base de tomatesBloody Mary | César | Clamato | Jus de tomate
68%
Pays qui en produit le plusChine
63%
En France, quel est le mois de la fête de « la tomate et des légumes anciens »Septembre
62%
OrigineAmérique du Sud
47%
Pays qui en exporte le plusMexique
35%
FamilleSolanacées
9%
EspèceSolanum lycopersicum
4%
Variétés de tomates précoces (l’ensemble de ces variétés offrent leurs récoltes entre 50 et 70 jours après la plantation.)Gregori Altaï | Marmande | Cœur d’Albenga | Délice d’Or | Chinese Red | Bistro | Jaune Flammée | Siberia | Ida Gold | Eros | Golden Bison | Black Zebra Cherry | Cœur de Bœuf Reif Red
3%

Distribution des résultats

Percentile par nombre de réponses

% des personnes avec chaque résultat

Votre développement - résultats

Vous n’avez pas pris ce quiz